El Neobarroco en la Ciudad de México (Record no. 1448)

MARC details
000 -CABECERA
campo de control de longitud fija 00709nam a2200205 a 4500
001 - NÚMERO DE CONTROL
campo de control BRCA_1650
005 - FECHA Y HORA DE LA ÚLTIMA TRANSACCIÓN
campo de control 20190320203506.0
008 - DATOS DE LONGITUD FIJA--INFORMACIÓN GENERAL
campo de control de longitud fija 930310s1993 mx-a---##b---#000-0#spa-d
040 ## - FUENTE DE LA CATALOGACIÓN
Centro catalogador/agencia de origen DLC
Centro/agencia transcriptor DLC
Centro/agencia modificador DLC
050 #4 - SIGNATURA TOPOGRÁFICA DE LA BIBLIOTECA DEL CONGRESO
Número de clasificación N6555
Número de documento/Ítem .N43 1993
245 10 - MENCIÓN DE TÍTULO
Título El Neobarroco en la Ciudad de México
260 ## - PUBLICACIÓN, DISTRIBUCIÓN, ETC.
Lugar de publicación, distribución, etc. [México (Ciudad)]
Nombre del editor, distribuidor, etc. Museo de San Carlos
Fecha de publicación, distribución, etc. [1993].
300 ## - DESCRIPCIÓN FÍSICA
Extensión 134 p.
Otras características físicas il. (algunas a color)
Dimensiones 28 cm.
504 ## - NOTA DE BIBLIOGRAFÍA, ETC.
Nota de bibliografía, etc. Incluye referencias bibliográficas
650 14 - PUNTO DE ACCESO ADICIONAL DE MATERIA--TÉRMINO DE MATERIA
Término de materia o nombre geográfico como elemento de entrada Arte mexicano
Subdivisión de forma Exposiciones
Subdivisión cronológica Siglo XX
9 (RLIN) 2618
650 14 - PUNTO DE ACCESO ADICIONAL DE MATERIA--TÉRMINO DE MATERIA
Término de materia o nombre geográfico como elemento de entrada Arte barroco
Subdivisión de forma Exposiciones
Subdivisión general Influencia
Subdivisión geográfica México
9 (RLIN) 5150
650 14 - PUNTO DE ACCESO ADICIONAL DE MATERIA--TÉRMINO DE MATERIA
Término de materia o nombre geográfico como elemento de entrada Arte mexicano
Subdivisión de forma Exposiciones
Subdivisión cronológica Siglo XX
Subdivisión geográfica México
9 (RLIN) 5151
710 2# - PUNTO DE ACCESO ADICIONAL--NOMBRE DE ENTIDAD CORPORATIVA
Nombre de entidad corporativa o nombre de jurisdicción como elemento de entrada Museo de San Carlos
9 (RLIN) 2079
942 ## - ELEMENTOS DE PUNTO DE ACCESO ADICIONAL (KOHA)
Fuente del sistema de clasificación o colocación Library of Congress Classification
Tipo de ítem Koha Libros
Holdings
Estado de retiro Estado de pérdida Estado dañado No para préstamo Localización permanente Ubicación/localización actual Fecha de adquisición Total de préstamos Signatura topográfica completa Código de barras Fecha visto por última vez Precio válido a partir de Tipo de ítem Koha
El ejemplar forma parte de la colección y puede ser consultado según las políticas vigentes.       Biblioteca del Museo Franz Mayer (Rogerio Casas-Alatriste) Biblioteca del Museo Franz Mayer (Rogerio Casas-Alatriste) 27/06/2008   N6555 .N43 1993 02223 22/03/2019 22/03/2019 Libros